Let's explore music /

Gespeichert in:
Bibliographische Detailangaben
1. Verfasser: Cline, Sarah Y.
Format: Buch
Sprache:Englisch
Veröffentlicht: Boston : Ginn and company, 1940.
Schlagworte:
Tags: Tag hinzufügen
Keine Tags, Fügen Sie das erste Tag hinzu!

MARC

LEADER 00000nam a22000007a 4500
003 KE-NaDUL
005 20240126093900.0
008 240126b |||||||| |||| 00| 0 eng d
040 |a DUL  |c DUL  |d Dwaswala 
050 0 0 |a MT6.C55 1940 
100 1 |a Cline, Sarah Y.  |9 139187 
245 1 0 |a Let's explore music /  |c by Sarah Y. Cline. 
260 |a Boston :  |b Ginn and company,  |c 1940. 
300 |a 2 p. l., 113 p. :  |b ill. ;  |c 23 cm. 
650 0 |a Music appreciation.  |9 139048 
942 |2 lcc  |c REF  |h MT6  |i .C55  |m 1940  |6 MT0006 C55 
952 |0 0  |1 0  |2 lcc  |4 0  |6 MT0006 C55 01940  |7 1  |8 REF  |9 141628  |a CUI  |b CUI  |c CUI  |d 2024-01-26  |l 0  |o MT6.C55 1940  |p CUI09608  |r 2024-01-26 09:39:21  |w 2024-01-26  |x 09608  |y REF 
999 |c 224739  |d 224738